| 000 | 00643nam a2200133 4500 | ||
|---|---|---|---|
| 001 | 14026 | ||
| 007 | tu | ||
| 008 | s1928||||||| ger | ||
| 245 | 0 | 0 |
_aMaterialsammlung zur Geschichte der Universität Frankfurt, insbesondere die studierenden Verbindungen und Kränzchen des 18. uns 19. Jahrhunderts betreffend _bNach Aktenauszügen des Staatsarchivs Breslau, Rep. 132 |
| 264 | _cum 1928 | ||
| 365 | _c€ | ||
| 500 | _aEnthält : Die Universität zu Frankfurt (Oder) 1506 - 1811 (Ms. nach Aktenauszügen von Felix Plage um 1926); Verzeichnis der in der Staatsbibliothek vorhandenen Pläne und Einblattdrucke | ||
| 546 | _adeutsch | ||
| 999 |
_c74565 _d74565 |
||